[Event "4NCL/Div3/SWD2 vs. OXF1"]
[Site "Telford ENG"]
[Date "2005.05.30"]
[Round "11.4"]
[White "Shaw, David A"]
[Black "Sully, David"]
[Result "1-0"]
[WhiteElo "2197"]
[BlackElo "2130"]
[PlyCount "61"]
[EventDate "2005.05.30"]
[EventType "team"]
[EventRounds "11"]
[EventCountry "ENG"]
[SourceDate "2004.09.21"]

1. e4 e6 2. d4 d5 3. Nc3 Nf6 4. Bg5 dxe4 5. Nxe4 Be7 6. Bxf6 Bxf6 7. Nf3 Nd7 8.
c3 O-O 9. Bd3 e5 10. Qc2 exd4 11. cxd4 Be7 12. O-O-O c6 13. Kb1 Nb6 14. h4 Nd5
15. Neg5 f5 16. Rde1 Qd6 17. Re5 h6 18. Bxf5 Bxf5 19. Rxf5 Rxf5 20. Qxf5 hxg5
21. hxg5 Rf8 22. Qh7+ Kf7 23. Ne5+ Ke8 24. Qxg7 Qe6 25. g4 Rxf2 26. Rh8+ Bf8
27. Qxb7 Nc3+ 28. Kc1 Nxa2+ 29. Kd1 Nb4 30. Qb8+ Ke7 31. Rh7+ 1-0

[Event "4NCL/Div3/SWD2 vs. OXF1"]
[Site "Telford ENG"]
[Date "2005.05.30"]
[Round "11.5"]
[White "Brown, Alan M"]
[Black "Smallbone, Kieran"]
[Result "1/2-1/2"]
[WhiteElo "2136"]
[BlackElo "2170"]
[PlyCount "49"]
[EventDate "2005.05.30"]
[EventType "team"]
[EventRounds "11"]
[EventCountry "ENG"]
[SourceDate "2004.09.21"]

1. d4 d5 2. c4 c6 3. Nf3 Nf6 4. cxd5 cxd5 5. Nc3 Nc6 6. Bf4 a6 7. e3 Bg4 8. Be2
e6 9. O-O Bd6 10. Bxd6 Qxd6 11. Rc1 O-O 12. a3 b5 13. a4 b4 14. Nb1 Rfc8 15.
Nbd2 Na5 16. Nb3 Nxb3 17. Qxb3 a5 18. Rc2 Bxf3 19. Bxf3 Qd7 20. Rfc1 Rab8 21.
Be2 Qb7 22. Bb5 Ne4 23. Bc6 Qa6 24. Bb5 Qb7 25. Bc6 1/2-1/2

[Event "4NCL/Div3/SWD2 vs. OXF1"]
[Site "Telford ENG"]
[Date "2005.05.30"]
[Round "11.6"]
[White "Milovanovic, Aleksander"]
[Black "Trevelyan, John"]
[Result "1-0"]
[WhiteElo "2155"]
[BlackElo "2200"]
[PlyCount "53"]
[EventDate "2005.05.30"]
[EventType "team"]
[EventRounds "11"]
[EventCountry "ENG"]
[SourceDate "2004.09.21"]

1. d4 Nc6 2. Nf3 d6 3. c4 e5 4. d5 Nce7 5. Nc3 f5 6. g3 g6 7. Bg2 Nf6 8. Rb1 c6
9. O-O cxd5 10. cxd5 Bg7 11. Qa4+ Qd7 12. Qa3 h6 13. Nd2 O-O 14. Nc4 b5 15.
Nxd6 e4 16. Ndxb5 Nexd5 17. Rd1 Bb7 18. Bf4 Qc6 19. Nxd5 Nxd5 20. Rxd5 Qxd5 21.
Nc7 Qc4 22. Nxa8 Rxa8 23. Rc1 Qb5 24. Rc7 Rc8 25. Rxg7+ Kxg7 26. Qe7+ Kg8 27.
Be5 1-0

[Event "4NCL/Div3/SWD2 vs. OXF1"]
[Site "Telford ENG"]
[Date "2005.05.30"]
[Round "11.7"]
[White "van Kemenade, Rudy"]
[Black "Rawlinson, Aidan"]
[Result "0-1"]
[WhiteElo "2087"]
[BlackElo "2173"]
[PlyCount "146"]
[EventDate "2005.05.30"]
[EventType "team"]
[EventRounds "11"]
[EventCountry "ENG"]
[SourceDate "2004.09.21"]

1. e4 e5 2. Nf3 Nf6 3. Nxe5 d6 4. Nxf7 Kxf7 5. d4 c5 6. dxc5 Qa5+ 7. Nc3 Qxc5
8. Be3 Qc7 9. Nb5 Qc6 10. Nxa7 Rxa7 11. Bxa7 Qxe4+ 12. Qe2 Qxe2+ 13. Bxe2 Nc6
14. Be3 Nb4 15. Bc4+ d5 16. Bb3 Bf5 17. O-O-O Be7 18. a3 Nc6 19. Bg5 Kg6 20.
Bxf6 Bxf6 21. Bxd5 Nd4 22. h4 Rd8 23. Bxb7 Ne2+ 24. Kb1 Rb8 25. Rd2 Rxb7 26.
Rxe2 Rxb2+ 27. Kc1 Ra2 28. Kd2 Bxc2 29. Ke3 Rxa3+ 30. Kf4 Ra4+ 31. Kg3 Bf5 32.
f3 h5 33. Rd2 Be6 34. Re2 Kf5 35. Rd2 Bc3 36. Re2 Be5+ 37. Kf2 Bc4 38. Rd2 Ra6
39. g3 Ra3 40. Rc1 Bc3 41. Rdc2 Bd4+ 42. Kg2 Bd5 43. Rf1 Rd3 44. Re2 Rxf3 45.
Rxf3+ Kg4 46. Re6 Bxf3+ 47. Kh2 Kf5 48. Re1 g6 49. Kh3 Be4 50. Rf1+ Ke5 51. Rf4
Be3 52. Rf1 Bd3 53. Rf8 Bf5+ 54. Kg2 Ke4 55. Rd8 Bd4 56. Rb8 Ke3 57. Rd8 Bc5
58. Rb8 Be4+ 59. Kh3 Kf3 60. Rb3+ Be3 61. Ra3 Bc2 62. Rc3 Bf5+ 63. Kh2 Kf2 64.
Ra3 Bc5 65. Ra2+ Kf3 66. Rb2 Be6 67. Rc2 Bd4 68. Rc6 Bf5 69. Ra6 Kf2 70. Ra2+
Kf1 71. Rd2 Bg1+ 72. Kh1 Be4+ 73. Rg2 Bxg2# 0-1

[Event "4NCL/Div3/SWD2 vs. OXF1"]
[Site "Telford ENG"]
[Date "2005.05.30"]
[Round "11.8"]
[White "Smith, Katherine"]
[Black "Wilson, Julie"]
[Result "0-1"]
[WhiteElo "1750"]
[BlackElo "1944"]
[PlyCount "52"]
[EventDate "2005.05.30"]
[EventType "team"]
[EventRounds "11"]
[EventCountry "ENG"]
[SourceDate "2004.09.21"]

1. f4 Nf6 2. Nf3 e6 3. e3 d5 4. Be2 c5 5. O-O Bd6 6. d4 O-O 7. Kh1 Nc6 8. c3
Qc7 9. Bb5 Bd7 10. Bxc6 Bxc6 11. Bd2 Ne4 12. Be1 Bb5 13. Rg1 Rac8 14. a4 Ba6
15. Nbd2 Nxd2 16. Bxd2 Qe7 17. Rb1 Bd3 18. Rc1 f6 19. g3 b6 20. h3 e5 21. Kh2
Rce8 22. Be1 c4 23. b3 exf4 24. exf4 Be2 25. Qc2 Bxf3 26. Rf1 Qe2+ 0-1

[Event "4NCL/Div3/WES2 vs. ATH"]
[Site "Telford ENG"]
[Date "2005.05.30"]
[Round "11.1"]
[White "Rutter, Nicholas"]
[Black "Mannion, Stephen R"]
[Result "0-1"]
[WhiteElo "2136"]
[BlackElo "2329"]
[PlyCount "124"]
[EventDate "2005.05.30"]
[EventType "team"]
[EventRounds "11"]
[EventCountry "ENG"]
[SourceDate "2004.09.21"]

1. e4 e5 2. Nf3 Nc6 3. d4 exd4 4. Nxd4 Nf6 5. Nxc6 bxc6 6. Bd3 d5 7. O-O dxe4
8. Qe1 Qe7 9. Qc3 Qc5 10. Re1 Be6 11. Bxe4 Nxe4 12. Rxe4 O-O-O 13. Re1 Bd6 14.
Qxc5 Bxc5 15. Be3 Bxe3 16. fxe3 Rhe8 17. b3 Bf5 18. Na3 Rd2 19. Nc4 Rxc2 20.
Rec1 Re2 21. Re1 Bd3 22. Rxe2 Bxe2 23. Kf2 Bxc4 24. bxc4 Re4 25. Rc1 Kd7 26.
Ke2 Kd6 27. Kd3 Re5 28. Rf1 f6 29. g4 Ra5 30. Rf2 Ra3+ 31. Kd4 c5+ 32. Ke4 Rc3
33. g5 Ke6 34. gxf6 gxf6 35. Rg2 Rxc4+ 36. Kd3 Rh4 37. Rg7 Kd6 38. Rf7 Rh6 39.
a4 Kc6 40. e4 Kd6 41. a5 a6 42. Kc4 Ke6 43. Rxc7 Rxh2 44. Rc6+ Ke5 45. Rxa6 h5
46. Rc6 h4 47. a6 Ra2 48. Kd3 Ra3+ 49. Ke2 Kxe4 50. Rxf6 h3 51. Re6+ Kd4 52.
Kf2 h2 53. Kg2 Ra2+ 54. Kh1 c4 55. Rh6 c3 56. Rc6 Kd3 57. Rd6+ Kc4 58. Rc6+ Kd4
59. Rd6+ Kc5 60. Rd3 c2 61. Rc3+ Kb4 62. Rc7 Ra1+ 0-1

[Event "4NCL/Div3/WES2 vs. ATH"]
[Site "Telford ENG"]
[Date "2005.05.30"]
[Round "11.2"]
[White "Orr, Mark J L"]
[Black "Clark, Ian C"]
[Result "1-0"]
[WhiteElo "2305"]
[BlackElo "2106"]
[PlyCount "65"]
[EventDate "2005.05.30"]
[EventType "team"]
[EventRounds "11"]
[EventCountry "ENG"]
[SourceDate "2004.09.21"]

1. d4 d5 2. c4 dxc4 3. e4 e5 4. Nf3 Bb4+ 5. Nc3 exd4 6. Qxd4 Qxd4 7. Nxd4 Nf6
8. f3 Bxc3+ 9. bxc3 O-O 10. Bxc4 a6 11. a4 Re8 12. O-O Nbd7 13. Rd1 Ne5 14. Bf1
c5 15. Nc2 Be6 16. Ne3 Red8 17. Rxd8+ Rxd8 18. Rb1 Bc8 19. c4 Nc6 20. Nd5 Nd7
21. Be3 Kf8 22. Kf2 Ke8 23. Ke1 f6 24. Kd2 Kf7 25. Kc3 Ke6 26. g3 Nce5 27. Bh3+
Kd6 28. f4 Nc6 29. Rd1 Nd4 30. Bxd4 cxd4+ 31. Rxd4 Kc6 32. Ne7+ Kc7 33. a5 1-0

[Event "4NCL/Div3/WES2 vs. ATH"]
[Site "Telford ENG"]
[Date "2005.05.30"]
[Round "11.3"]
[White "Pym, Thomas W"]
[Black "Roberts, Paul"]
[Result "0-1"]
[WhiteElo "2111"]
[BlackElo "2184"]
[PlyCount "114"]
[EventDate "2005.05.30"]
[EventType "team"]
[EventRounds "11"]
[EventCountry "ENG"]
[SourceDate "2004.09.21"]

1. e4 d6 2. d4 Nf6 3. Nc3 e5 4. Nf3 Nbd7 5. Bc4 Be7 6. O-O O-O 7. Bb3 a6 8. a4
exd4 9. Nxd4 Nc5 10. Re1 Nxb3 11. cxb3 Re8 12. Qc2 c6 13. h3 Qa5 14. Bf4 Qb4
15. Rad1 c5 16. Nf3 Be6 17. Nd2 d5 18. exd5 Nxd5 19. Nxd5 Bxd5 20. Nc4 Bxc4 21.
bxc4 Bf6 22. Rxe8+ Rxe8 23. Bc1 Re1+ 24. Rxe1 Qxe1+ 25. Kh2 Be5+ 26. g3 Bd4 27.
Kg2 Bxf2 28. Qxf2 Qxc1 29. Qxc5 Qxb2+ 30. Kf3 Qf6+ 31. Ke4 Qe6+ 32. Kd3 Qd7+
33. Kc3 g6 34. g4 h6 35. a5 Kh7 36. Qb6 Qe7 37. Kb3 Qe4 38. Qc7 Kg7 39. Kb4 Qd4
40. Qb6 Qb2+ 41. Ka4 Qa1+ 42. Kb4 Qe5 43. Kb3 Qe4 44. Qc7 Kf6 45. Qd8+ Qe7 46.
Qd4+ Kg5 47. Qd2+ {=} Kh4 48. Qxh6+ Kg3 49. Qh8 f6 50. Qc8 Kxh3 51. c5 Qe3+ 52.
Kc4 Qe4+ 53. Kc3 Qc6 54. Qf8 Qf3+ 55. Kd2 Kxg4 56. Qc8+ f5 57. Qe6 g5 0-1

[Event "4NCL/Div3/WES2 vs. ATH"]
[Site "Telford ENG"]
[Date "2005.05.30"]
[Round "11.4"]
[White "Johansson, Toni"]
[Black "Gregory, Keith D"]
[Result "1-0"]
[WhiteElo "2143"]
[BlackElo "2099"]
[PlyCount "103"]
[EventDate "2005.05.30"]
[EventType "team"]
[EventRounds "11"]
[EventCountry "ENG"]
[SourceDate "2004.09.21"]

1. e4 d6 2. d4 g6 3. Nc3 c6 4. Be3 Bg7 5. Qd2 b5 6. Bd3 Bb7 7. f3 Nd7 8. Nh3 a6
9. Ng5 c5 10. e5 dxe5 11. dxc5 Ngf6 12. h4 Qc7 13. Qf2 Nh5 14. g4 Nf4 15. h5 h6
16. Nge4 g5 17. Ng3 Nf6 18. Nf5 Bf8 19. O-O-O Bc6 20. Bxf4 gxf4 21. Rhf1 Nd7
22. Ne4 Rc8 23. b4 a5 24. a3 Qa7 25. Kb2 axb4 26. axb4 Bxe4 27. Bxe4 e6 28.
Nd6+ Bxd6 29. Rxd6 O-O 30. g5 Ra8 31. Bxa8 Rxa8 32. Rd3 e4 33. Rb3 Ne5 34. gxh6
Nc4+ 35. Kc3 Kh8 36. Qh4 Rg8 37. Qf6+ Kh7 38. Qxf4 Qd7 39. Qxe4+ f5 40. Qd3 Qf7
41. Rbb1 Qf6+ 42. Qd4 e5 43. Qd7+ Kxh6 44. Rg1 Rd8 45. Rg6+ Qxg6 46. Qxd8 Qa6
47. Qf8+ Kg5 48. Qe7+ Kh6 49. Qf8+ Kg5 50. Rg1+ Kf4 51. Kd3 Qa3+ 52. c3 1-0

[Event "4NCL/Div3/WES2 vs. ATH"]
[Site "Telford ENG"]
[Date "2005.05.30"]
[Round "11.5"]
[White "Pye, David E"]
[Black "McKeown, Paul"]
[Result "1/2-1/2"]
[WhiteElo "2157"]
[BlackElo "2095"]
[PlyCount "105"]
[EventDate "2005.05.30"]
[EventType "team"]
[EventRounds "11"]
[EventCountry "ENG"]
[SourceDate "2004.09.21"]

1. d4 d5 2. Nc3 c6 3. Bg5 Nf6 4. Bxf6 exf6 5. e3 f5 6. Bd3 Bd6 7. Qf3 g6 8. h4
h5 9. Nge2 Nd7 10. g3 Nf6 11. Qg2 Be6 12. a3 O-O 13. O-O Re8 14. Nf4 b5 15.
Nce2 Bc8 16. Rfe1 a5 17. c3 Qb6 18. b4 Ra7 19. Bc2 Bd7 20. Qf1 Ng4 21. Ng2 Bc8
22. Nef4 Rae7 23. Qd3 Nf6 24. f3 Ra7 25. Qd2 Qd8 26. Qf2 Qc7 27. Ne2 Qb8 28.
Nef4 Kg7 29. Bb3 Be6 30. Reb1 Qc7 31. Ne1 Rea8 32. Ra2 axb4 {=} 33. axb4 Rxa2
34. Bxa2 Ra3 35. Bb3 Bc8 36. Ned3 Qe7 37. Kg2 Ne8 38. Qb2 Ra8 39. Kf2 Nf6 40.
Ra1 Rxa1 41. Qxa1 Bb8 42. Nc5 Qc7 43. Qa2 Kf8 44. Qa8 Ke7 45. Qa2 Kf8 46. Bc2
Ke8 47. Bd3 Nh7 48. Nb3 Nf8 49. Qa5 Ne6 50. Qxc7 Bxc7 51. Be2 Nxf4 52. exf4 Ke7
53. Nc1 1/2-1/2

[Event "4NCL/Div3/WES2 vs. ATH"]
[Site "Telford ENG"]
[Date "2005.05.30"]
[Round "11.6"]
[White "Stevenson, James A B"]
[Black "Pleasants, Allan J"]
[Result "1/2-1/2"]
[WhiteElo "2092"]
[BlackElo "2065"]
[PlyCount "64"]
[EventDate "2005.05.30"]
[EventType "team"]
[EventRounds "11"]
[EventCountry "ENG"]
[SourceDate "2004.09.21"]

1. Nf3 g6 2. d4 Bg7 3. e4 c6 4. Nc3 d6 5. a4 Nd7 6. Bc4 e6 7. Qe2 Ne7 8. O-O
O-O 9. Bg5 h6 10. Bh4 g5 11. Bg3 e5 12. Rad1 Qc7 13. dxe5 dxe5 14. h4 g4 15.
Ne1 Nf6 16. Nd3 Nh5 17. Qe3 Ng6 18. Rd2 Kh7 19. Rfd1 Qe7 20. Nc5 Nhf4 21. Nd7
Re8 22. Qc5 Ne6 23. Qxe7 Rxe7 24. Bxe6 Rxe6 25. Nc5 Re7 26. Nd7 h5 27. Rd6 Bxd7
28. Rxd7 Rae8 29. R1d6 Rxd7 30. Rxd7 Re7 31. Rd6 Nf8 32. Nd1 Rd7 1/2-1/2

[Event "4NCL/Div3/WES2 vs. ATH"]
[Site "Telford ENG"]
[Date "2005.05.30"]
[Round "11.7"]
[White "Ferrington, Nigel M"]
[Black "Dalmau, Jorgen"]
[Result "1-0"]
[WhiteElo "2125"]
[BlackElo "2057"]
[PlyCount "55"]
[EventDate "2005.05.30"]
[EventType "team"]
[EventRounds "11"]
[EventCountry "ENG"]
[SourceDate "2004.09.21"]

1. e4 e5 2. Nf3 Nc6 3. d4 exd4 4. c3 d5 5. exd5 Qxd5 6. cxd4 Bg4 7. Be2 O-O-O
8. Nc3 Qd7 9. Be3 Bxf3 10. Bxf3 Nxd4 11. O-O Nxf3+ 12. Qxf3 Bd6 13. Bxa7 Ne7
14. Rac1 Qf5 15. Na4 c6 16. Qb3 Nd5 17. g3 Bc7 18. Rc5 Qe4 19. Rfc1 Ne3 20.
Qxe3 Qxa4 21. R5c4 Qb5 22. Bd4 Rhe8 23. Qf3 f6 24. a4 Qd5 25. Qg4+ f5 26. Qxg7
Re4 27. Qxh7 f4 28. Bb6 1-0

[Event "4NCL/Div3/WES2 vs. ATH"]
[Site "Telford ENG"]
[Date "2005.05.30"]
[Round "11.8"]
[White "Dalmau, Anneli"]
[Black "Norman, Dinah"]
[Result "1/2-1/2"]
[WhiteElo "2074"]
[BlackElo "2015"]
[PlyCount "55"]
[EventDate "2005.05.30"]
[EventType "team"]
[EventRounds "11"]
[EventCountry "ENG"]
[SourceDate "2004.09.21"]

1. e4 c6 2. d4 d5 3. exd5 cxd5 4. Bd3 Nc6 5. c3 Nf6 6. Nf3 Bg4 7. Bf4 e6 8. h3
Bh5 9. Nbd2 Be7 10. Qb3 Qc8 11. O-O O-O 12. Rfe1 Rd8 13. Ne5 Bg6 14. Nxg6 hxg6
15. Nf3 Na5 16. Qc2 Nc4 17. Bxg6 fxg6 18. Qxg6 Ne4 19. Ne5 Nxe5 20. Bxe5 Nf6
21. Re3 Rf8 22. Rae1 Qe8 23. Qxe8 Raxe8 24. Bxf6 Rxf6 25. Rxe6 Rxe6 26. Rxe6
Kf7 27. Re2 Bd6 28. Kf1 1/2-1/2

[Event "4NCL/Div3/CAMB1 vs. SCS1"]
[Site "Telford ENG"]
[Date "2005.05.30"]
[Round "11.1"]
[White "Dearing, Eddie"]
[Black "Dickinson, Timothy R"]
[Result "1-0"]
[WhiteElo "2408"]
[BlackElo "2176"]
[PlyCount "43"]
[EventDate "2005.05.30"]
[EventType "team"]
[EventRounds "11"]
[EventCountry "ENG"]
[SourceDate "2004.09.21"]

1. d4 Nf6 2. c4 g6 3. Nc3 d5 4. Bg5 Ne4 5. Bh4 Nxc3 6. bxc3 Bg7 7. cxd5 Qxd5 8.
e3 Nc6 9. Nf3 Bg4 10. Be2 Qh5 11. Bg3 Qa5 12. O-O O-O 13. Rb1 Qxc3 14. Qc1 Qxc1
15. Rfxc1 Bc8 16. Bxc7 a6 17. Nd2 e5 18. d5 Ne7 19. d6 Nd5 20. Bf3 Nxc7 21.
dxc7 Ra7 22. Rb6 1-0

[Event "4NCL/Div3/CAMB1 vs. SCS1"]
[Site "Telford ENG"]
[Date "2005.05.30"]
[Round "11.2"]
[White "Reynolds, D Ian"]
[Black "Moskovic, David M"]
[Result "1-0"]
[WhiteElo "2101"]
[BlackElo "2284"]
[PlyCount "127"]
[EventDate "2005.05.30"]
[EventType "team"]
[EventRounds "11"]
[EventCountry "ENG"]
[SourceDate "2004.09.21"]

1. e4 c5 2. c3 Nf6 3. e5 Nd5 4. Nf3 e6 5. Bc4 d6 6. d4 cxd4 7. cxd4 Nb6 8. Bb5+
Bd7 9. Bxd7+ Qxd7 10. O-O Nc6 11. Nc3 Be7 12. Qe2 O-O 13. Rd1 dxe5 14. dxe5 Nd5
15. Nxd5 exd5 16. Be3 Rad8 17. Rac1 Rfe8 18. Qd3 Qe6 19. Nd4 Qxe5 20. Nxc6 bxc6
21. Bd4 Qe6 22. Qc3 Bg5 23. Qg3 Bf6 24. Qc3 Bg5 25. Qg3 Bf6 26. Qc3 Bxd4 27.
Qxd4 Rd7 28. g3 Rc7 29. b4 Rec8 30. Re1 Qd6 31. a3 g6 32. Re3 Re7 33. Rec3 Rcc7
34. Rc5 Re4 35. Qd3 Qe6 36. Qc3 d4 37. Qd2 h5 38. b5 Re5 39. Rxc6 Rxc6 40. bxc6
Rd5 41. c7 Qc8 42. Qb4 Re5 43. Qxd4 Re8 44. Qxa7 h4 45. Qa4 Re7 46. Qc6 h3 47.
Kf1 Kg7 48. f3 Re3 49. Rc3 Re6 50. Qb5 Re7 51. Qc5 Rd7 52. Rc1 Kh7 53. Qc6 Rd2
54. Qc4 Rxh2 55. Qxf7+ Kh6 56. Qf4+ Kh7 57. Qh4+ Kg7 58. Qe7+ Kh6 59. Qe3+ Kh7
60. Qe7+ Kh6 61. Rc4 Qa6 62. c8=Q Rh1+ 63. Ke2 Rh2+ 64. Kd3 1-0

[Event "4NCL/Div3/CAMB1 vs. SCS1"]
[Site "Telford ENG"]
[Date "2005.05.30"]
[Round "11.3"]
[White "Conlon, Joe"]
[Black "Moyse, Nigel"]
[Result "1-0"]
[WhiteElo "2207"]
[BlackElo "2054"]
[PlyCount "59"]
[EventDate "2005.05.30"]
[EventType "team"]
[EventRounds "11"]
[EventCountry "ENG"]
[SourceDate "2004.09.21"]

1. e4 e5 2. Nf3 Nc6 3. Bb5 f5 4. d4 Nxd4 5. Nxd4 exd4 6. Qxd4 fxe4 7. Qe5+ Qe7
8. Qxc7 Qc5 9. Qxc5 Bxc5 10. Nc3 Nf6 11. Bg5 Bb4 12. O-O-O Bxc3 13. bxc3 Ng4
14. Rhe1 O-O 15. Bc4+ Kh8 16. h3 Ne5 17. Bb3 h6 18. Rxe4 d6 19. Rxd6 Nc6 20.
Be3 Bf5 21. Rh4 Rad8 22. Rxd8 Rxd8 23. g4 Bg6 24. g5 h5 25. Bc4 Ne7 26. Be2 Nf5
27. Rc4 Re8 28. Bd3 Nd6 29. Bxg6 Rxe3 30. Rf4 1-0

[Event "4NCL/Div3/CAMB1 vs. SCS1"]
[Site "Telford ENG"]
[Date "2005.05.30"]
[Round "11.4"]
[White "Kilpatrick, Callum"]
[Black "Valden, Petros"]
[Result "1-0"]
[WhiteElo "2048"]
[BlackElo "2185"]
[PlyCount "95"]
[EventDate "2005.05.30"]
[EventType "team"]
[EventRounds "11"]
[EventCountry "ENG"]
[SourceDate "2004.09.21"]

1. e4 c5 2. Nf3 Nc6 3. d4 cxd4 4. Nxd4 Nf6 5. Nc3 e6 6. Ndb5 d6 7. Bf4 e5 8.
Bg5 a6 9. Na3 b5 10. Bxf6 gxf6 11. Nd5 f5 12. c3 Bg7 13. exf5 Bxf5 14. g3 O-O
15. Bg2 Rc8 16. O-O Be6 17. Nc2 f5 18. a4 e4 19. axb5 axb5 20. f3 exf3 21. Qxf3
Ne5 22. Qe2 Rc5 23. Ncb4 Qd7 24. Ra6 Rd8 25. Rfa1 Qf7 26. Ra7 Rd7 27. Ra8+ Bf8
28. Qd2 Kg7 {=} 29. Qg5+ Qg6 30. Qh4 Bxd5 31. Nxd5 Nd3 32. Qd4+ Ne5 33. Nf4 Qf7
34. Bd5 Rxd5 35. Qxd5 Qxd5 36. Nxd5 Kf7 37. Rb8 Bg7 38. Rxb5 Nf3+ 39. Kg2 Nd2
40. Ne3 Ke6 41. Nxf5 Be5 42. Ne3 Ne4 43. Ng4 Bg7 44. Re1 d5 45. Nf2 Kf7 46.
Nxe4 dxe4 47. Rxe4 Rd2+ 48. Kg1 1-0

[Event "4NCL/Div3/CAMB1 vs. SCS1"]
[Site "Telford ENG"]
[Date "2005.05.30"]
[Round "11.6"]
[White "Hardy-Wallace, Daniel"]
[Black "Hon, Andrew"]
[Result "0-1"]
[WhiteElo "1740"]
[BlackElo "2210"]
[PlyCount "74"]
[EventDate "2005.05.30"]
[EventType "team"]
[EventRounds "11"]
[EventCountry "ENG"]
[SourceDate "2004.09.21"]

1. e4 Nf6 2. e5 Nd5 3. d4 d6 4. Nf3 dxe5 5. Nxe5 c6 6. Be2 Nd7 7. c4 Nc7 8. O-O
g6 9. Nc3 Bg7 10. f4 O-O 11. Be3 Nb6 12. a4 Be6 13. a5 Nc8 14. Ne4 f6 15. Nf3
Nd6 16. Nxd6 exd6 17. Qd2 Qd7 18. Rae1 Kh8 19. Kh1 Rfe8 20. Bg1 d5 21. c5 Bf5
22. Bd3 Be4 23. Re2 Re7 24. Rfe1 Rae8 25. Bxe4 dxe4 26. Nh4 Nd5 27. Be3 f5 28.
Rd1 Rd8 29. Qe1 Qe8 30. Red2 Red7 31. g3 Bf6 32. Ng2 Qf7 33. Qf2 Qg7 34. Ne1
Nxe3 35. Qxe3 Rxd4 36. Rxd4 Rxd4 37. Rxd4 Bxd4 0-1

[Event "4NCL/Div3/CAMB1 vs. SCS1"]
[Site "Telford ENG"]
[Date "2005.05.30"]
[Round "11.7"]
[White "Churm, Rohan M"]
[Black "Clarke, Sean A"]
[Result "1-0"]
[WhiteElo "2178"]
[BlackElo "1685"]
[PlyCount "74"]
[EventDate "2005.05.30"]
[EventType "team"]
[EventRounds "11"]
[EventCountry "ENG"]
[SourceDate "2004.09.21"]

1. e4 e5 2. Nf3 Nf6 3. Nxe5 Qe7 4. d4 d6 5. Nf3 Qxe4+ 6. Be2 Bf5 7. c4 Qc2 8.
O-O Qxd1 9. Bxd1 Nbd7 10. Re1+ Be7 11. Nc3 c6 12. Bf4 d5 13. cxd5 Nxd5 14. Nxd5
cxd5 15. Rc1 Be6 16. Ba4 a6 17. Bxd7+ Bxd7 18. Rc7 Be6 19. Rxb7 Bf6 20. Bd6 Kd8
21. h3 Re8 22. Rc1 Be7 23. Bc7+ Kc8 24. Rb6 Bf6 25. Ne5 Rg8 26. Nd3 Kd7 27. Be5
Bxe5 28. Nxe5+ Ke7 29. Rc7+ Ke8 30. Rcb7 g6 31. Rb8+ Ke7 32. Rxg8 Rxg8 33. Rxa6
Rc8 34. b4 Rc1+ 35. Kh2 f6 36. Nd3 Rd1 37. Nc5 Bxh3 {time} 1-0

[Event "4NCL/Div3/CAMB1 vs. SCS1"]
[Site "Telford ENG"]
[Date "2005.05.30"]
[Round "11.8"]
[White "Tourbassova, Sasha"]
[Black "Broomfield, Lucy"]
[Result "1/2-1/2"]
[WhiteElo "1720"]
[BlackElo "2004"]
[PlyCount "104"]
[EventDate "2005.05.30"]
[EventType "team"]
[EventRounds "11"]
[EventCountry "ENG"]
[SourceDate "2004.09.21"]

1. e4 e6 2. d4 d5 3. Nc3 Nf6 4. Bd3 c5 5. Bg5 dxe4 6. Bxf6 Qxf6 7. Nxe4 Qxd4 8.
c3 Qd5 9. Nf3 Nc6 10. O-O Be7 11. b3 O-O 12. Qc2 Ne5 13. Nxe5 Qxe5 14. f4 Qc7
15. Rf3 b6 16. Nf6+ Bxf6 17. Bxh7+ Kh8 18. Rh3 e5 19. Bf5+ Kg8 20. Bxc8 Rfxc8
21. Re1 g6 22. f5 g5 23. Rg3 Kf8 24. Ree3 Rd8 25. Rh3 Rd7 26. Qe4 Rad8 27. Rh6
Ke7 28. h4 gxh4 29. Rxf6 Rd1+ 30. Kh2 Kxf6 31. Qxh4+ Kxf5 32. Rf3+ Ke6 33. Rf6+
Kd7 34. Rxf7+ Kc8 35. Rxc7+ Kxc7 36. Qe7+ Kc6 37. Qxe5 R1d2 38. Qe4+ Kc7 39.
Qa4 a5 40. b4 Rg8 41. bxa5 Rdxg2+ 42. Kh1 Rg1+ 43. Kh2 R8g2+ 44. Kh3 Rg3+ 45.
Kh4 Rg4+ 46. Qxg4 Rxg4+ 47. Kxg4 b5 48. Kf4 Kb7 49. Ke4 c4 50. Kd5 Ka6 51. Kc5
Kxa5 52. Kd4 Ka4 1/2-1/2

[Event "4NCL/Div3/GUI3 vs. FCA1"]
[Site "Telford ENG"]
[Date "2005.05.30"]
[Round "11.1"]
[White "Buckley, Graeme"]
[Black "Macdonald-Ross, Michael"]
[Result "1-0"]
[WhiteElo "2417"]
[BlackElo "2206"]
[PlyCount "117"]
[EventDate "2005.05.30"]
[EventType "team"]
[EventRounds "11"]
[EventCountry "ENG"]
[SourceDate "2004.09.21"]

1. d4 d5 2. c4 e6 3. Nf3 Nf6 4. Nc3 Be7 5. Bg5 h6 6. Bh4 O-O 7. e3 b6 8. Be2
Bb7 9. Bxf6 Bxf6 10. cxd5 exd5 11. b4 c6 12. O-O a5 13. bxa5 Rxa5 14. Qb3 Bc8
15. Rfc1 Be6 16. a4 Nd7 17. Rab1 Qa8 18. Qc2 Rc8 19. Bd3 c5 20. Bb5 Nf8 21. h3
Ra7 22. Qd2 Rac7 23. dxc5 bxc5 24. Re1 Rd8 25. Rbd1 Kh8 26. Qc2 Qa5 27. Nb1
Rcc8 28. Rc1 Ng6 29. Nbd2 Ne7 30. e4 dxe4 31. Nxe4 Bd4 32. Nxd4 cxd4 33. Qd2
Qxd2 34. Nxd2 Nd5 35. Rxc8 Rxc8 36. Nf3 d3 37. Bxd3 Ra8 38. Bb5 Nc3 39. Nd4
Nxa4 40. Nxe6 fxe6 41. Rxe6 Nc3 42. Bc6 Rc8 43. g3 Kg8 44. Bf3 Kf7 45. Rb6 Rc5
46. Rb7+ Kf6 47. Rd7 Re5 48. Kg2 Ne4 49. h4 Kg6 50. Bd1 Nc5 51. Rc7 Kf6 52.
Rc6+ Kf7 53. Kh3 Nd7 54. Bb3+ Ke7 55. Rc7 Kd6 56. Ra7 Re7 57. Ra6+ Ke5 58. f4+
Kd4 59. Ra7 1-0

[Event "4NCL/Div3/GUI3 vs. FCA1"]
[Site "Telford ENG"]
[Date "2005.05.30"]
[Round "11.2"]
[White "Smith, Graham"]
[Black "Povah, Nigel E"]
[Result "1-0"]
[WhiteElo "2118"]
[BlackElo "2377"]
[PlyCount "69"]
[EventDate "2005.05.30"]
[EventType "team"]
[EventRounds "11"]
[EventCountry "ENG"]
[SourceDate "2004.09.21"]

1. e4 d5 2. exd5 Nf6 3. Nf3 Qxd5 4. d4 Bg4 5. Nc3 Qh5 6. Be2 Nc6 7. O-O O-O-O
8. h3 e5 9. d5 Bc5 10. Be3 Bxe3 11. fxe3 Bxf3 12. Bxf3 Qg5 13. Qe2 Ne7 14. Rad1
Kb8 15. Be4 Rhf8 16. Rf3 Nxe4 17. Nxe4 Qg6 18. Qc4 f5 19. Nc5 e4 20. Rf2 Qb6
21. b4 Rf6 22. Rfd2 Rfd6 23. Rd4 a6 24. a4 Ng6 25. a5 Qb5 26. Qb3 Ne5 27. c4
Qe8 28. Ne6 Rc8 29. c5 Rxe6 30. dxe6 Qg6 31. Rd8 Nd3 32. Qd5 Rxd8 33. Qxd8+ Ka7
34. e7 Qg3 35. Rxd3 1-0

[Event "4NCL/Div3/GUI3 vs. FCA1"]
[Site "Telford ENG"]
[Date "2005.05.30"]
[Round "11.3"]
[White "Lalic, Susan"]
[Black "Fraser-Mitchell, Jeremy"]
[Result "1-0"]
[WhiteElo "2369"]
[BlackElo "2101"]
[PlyCount "43"]
[EventDate "2005.05.30"]
[EventType "team"]
[EventRounds "11"]
[EventCountry "ENG"]
[SourceDate "2004.09.21"]

1. e4 e6 2. d4 d5 3. Nc3 Bb4 4. Nge2 dxe4 5. a3 Ba5 6. b4 Bb6 7. Nxe4 e5 8.
dxe5 Qxd1+ 9. Kxd1 Nc6 10. Bb2 Nge7 11. b5 Na5 12. N2c3 Be6 13. Na4 O-O-O+ 14.
Bd3 Bd4 15. Nd6+ cxd6 16. Bxd4 dxe5 17. Bxe5 f6 18. Bc3 Nc4 19. Re1 Nd5 20.
Rxe6 Nxc3+ 21. Nxc3 Ne5 22. Re7 1-0

[Event "4NCL/Div3/GUI3 vs. FCA1"]
[Site "Telford ENG"]
[Date "2005.05.30"]
[Round "11.4"]
[White "Reuben, Stewart"]
[Black "Jackson, Adrian"]
[Result "1/2-1/2"]
[WhiteElo "2142"]
[BlackElo "2226"]
[PlyCount "71"]
[EventDate "2005.05.30"]
[EventType "team"]
[EventRounds "11"]
[EventCountry "ENG"]
[SourceDate "2004.09.21"]

1. c4 Nf6 2. Nc3 c5 3. g3 Nc6 4. Bg2 e6 5. e4 d5 6. d3 d4 7. Nce2 e5 8. Nf3 Bd6
9. O-O O-O 10. Nh4 Be6 11. Nf5 Re8 12. Bg5 Bxf5 13. exf5 h6 14. Bxf6 Qxf6 15.
Be4 Rac8 16. g4 Qd8 17. Rb1 b6 18. Qa4 Qd7 19. Ng3 Be7 20. f6 Bxf6 21. Bf5 Qc7
22. Bxc8 Qxc8 23. Qd1 Bg5 24. Ne4 Qd7 25. Nxg5 hxg5 26. Qf3 Re6 27. Qf5 Ne7 28.
Qe4 Ng6 29. Rfe1 Nf4 30. Kh1 Rh6 31. f3 f6 32. b4 Qa4 33. Qa8+ Kh7 34. Qe4+ Kg8
35. Qa8+ Kh7 36. Qe4+ 1/2-1/2